| 000 | 01042nam a2200337 c 4500 | ||
|---|---|---|---|
| 001 | 58656 | ||
| 003 | CO-BoRNBP | ||
| 005 | 20250827160205.0 | ||
| 007 | ta | ||
| 008 | 210826s2008 sp a 0 bra d s 1 spa d | ||
| 020 | _a9788493618544 | ||
| 040 |
_aCO-BoRNBP _bspa _erda _cCO-BoRNBP |
||
| 041 | 0 | _aspa | |
| 084 | _aA | ||
| 100 |
_aLee, Suzy, _d1974- _eaut _963757 |
||
| 245 | 1 | 3 |
_aLa ola / _cSuzy Lee. |
| 250 | _aPrimera edición | ||
| 264 | 1 |
_aCádiz, España : _bBarbara Fiore Editora, _c2008 |
|
| 300 |
_a34 páginas : _bilustraciones |
||
| 336 |
_atexto _btxt _2rdacontent |
||
| 337 |
_asin mediación _bn _2rdamedia |
||
| 338 |
_avolumen _bnc _2rdacarrier |
||
| 521 | _aRecomendado para un público infantil mayor de 3 años | ||
| 650 | 0 | 4 |
_aÁlbumes infantiles coreanos _ySiglo XX _2LEMB _963758 |
| 650 | 0 | 7 |
_aImaginación _vÁlbumes _2lemb |
| 650 | 0 | 4 |
_aLiteratura infantil coreana _ySiglo XX _2LEMB _963759 |
| 650 | 0 | 7 |
_aOceano _vÁlbumes _2LEMB _963760 |
| 655 |
_aÁlbumes _963742 |
||
| 655 |
_aÁlbumes _963742 |
||
| 942 |
_2loc _cBKLIT |
||
| 999 |
_c58656 _d58656 |
||